000
00321nam a22001577a 4500
003
SGT
020
_a
9780198085419
082
_a
791.45
_b
BEL
100
_a
BELAVADI VASUKI
245
_a
VIDEO PRODUCTION
250
_a
2ND
260
_a
INDIA
_c
2023
_b
OXFORD PUB.
300
_a
408
650
_a
BJMC
942
_2
ddc
_c
BK
999
_c
32144
_d
32144